Station de Tramway de Tours (France) - Statistiques

Statistiques générales
  • Ce quiz a été pris 220 fois
    212 depuis la dernière actualisation
  • Le résultat moyen est 14 sur 29
Statistiques - réponses
LIGNE A % Correct
Jean Jaurès
90%
Vaucanson
82%
Gare de Tours
81%
Nationale
77%
Porte de Loire
77%
Palais des Sports
68%
Liberté
61%
Tranchée
60%
Verdun
59%
Lycée Jean Monnet
53%
Suzanne Valadon
53%
Charcot
50%
Christ Roi
49%
Fac 2 Lions
49%
Saint Paul
47%
Beffroi
46%
Monconseil
39%
Bulle d'O
36%
Marne
36%
Rabière
33%
République
30%
Pont Volant
29%
Trois Rivières
29%
Coppée
28%
Charles Barrier
27%
Rotière
27%
Joué Hotel de Ville
26%
Place Choiseuil
9%
L'heure Tranquile
6%
Aucun quiz correspondant
Distribution des résultats
% des personnes avec chaque résultat
Percentile par nombre de réponses
Votre historique - résultats
Vous n’avez pas pris ce quiz depuis la dernière actualisation